000 01609cad a22003015a 4500
001 L138680
008 070703s20070618xxk f 000 0 eng d
020 _a9780110773209
035 _a(Sirsi) u138680
041 0 _aeng
050 0 4 _a333.333 $2 18
110 1 _aUnited Kingdom
_kLaws, etc
_95044
245 0 4 _aThe Housing Act 2004 (Commencement No. 8) (England and Wales) Order 2007
_h[electronic resource]
490 0 _aStatutory Instrument
_v2007: 1668 (C.66)
520 _aCommencement order for parts of the Housing Act 2004 Part V (and schedule 8). Brings the Home Information Pack regulations into force on 1 August 2007 for properties of 4 bedrooms or more, or to which regulation 17C of the Building Regulations 2000 applies. This relates to minimum energy performance requirements. Properties can be exempted by Part 6 of the Home Information Pack (No.2) Regulations 2007 (L138557).
590 _aKA
650 2 4 _aHOUSING ACT 2004 PART V
650 2 4 _aRESIDENTIAL ENERGY PERFORMANCE CERTIFICATES
650 2 4 _aHOME INFORMATION PACK (NO.2) REGULATIONS 2007
650 2 4 _aENERGY EFFICIENCY IN BUILDINGS
650 2 4 _aHOUSING ACT 2004 (COMMENCEMENT NO. 8) (ENGLAND AND WALES) ORDER 2007
650 2 4 _aHOME INFORMATION PACKS
651 4 _aUnited Kingdom
_y
690 _aPROPERTY-RESIDENTIAL PROPERTY-ACQUISITION AND DISPOSAL OF RESIDENTIAL PROPERTY-HOME BUYING REFORM
690 _aENVIRONMENTAL AND LAND CONSULTANCY-ENERGY-ENERGY USE-ENERGY EFFICIENCY
856 4 0 _uhttps://www.opsi.gov.uk/si/si2007/20071668.htm
_zView the item free of charge at www.opsi.gov.uk...
942 _n0
999 _c107226
_d107226